| 000 | 00608nam a2200193 a 4500 | ||
|---|---|---|---|
| 005 | 20220615220230.0 | ||
| 008 | 991125s1970 mx 000 0 spa u | ||
| 020 | _a9688004219 | ||
| 035 | _aUPN01000045255 | ||
| 049 | _aSEP | ||
| 050 | 4 |
_aPQ7297 _bP2.6 |
|
| 100 | 1 |
_aPacheco, José Emilio, _d1939-2014 _928583 |
|
| 245 | 1 | 0 |
_aPoemas mexicanos : _bde Riva Palacio a Tablada / _cJosé Emilio Pacheco. |
| 260 |
_aMéxico : _bCONASUPO : _bSEP, _c[197-]. |
||
| 300 |
_a32 p. : _bil. |
||
| 440 | 0 |
_aCuadernos mexicanos ; _v99 |
|
| 650 | 2 |
_aPoesía mexicana _ySiglo XIX _vColecciones literarias _91284 |
|
| 905 | _aLibro | ||
| 999 |
_c45255 _d45255 |
||